Diversity and neighbourhood satisfaction (Record no. 513814)

000 -LEADER
fixed length control field 01150nam a22001817a 4500
008 - FIXED-LENGTH DATA ELEMENTS--GENERAL INFORMATION
fixed length control field 200903b ||||| |||| 00| 0 eng d
100 ## - MAIN ENTRY--PERSONAL NAME
Personal name Langella, Monica
245 ## - TITLE STATEMENT
Title Diversity and neighbourhood satisfaction
260 ## - PUBLICATION, DISTRIBUTION, ETC. (IMPRINT)
Place of publication, distribution, etc The Economic Journal
300 ## - PHYSICAL DESCRIPTION
Extent 129(624), Nov 2019. p. 3219–3255
520 ## - SUMMARY, ETC.
Summary, etc This article investigates the impact of ethnic diversity on individuals’ satisfaction with their neighbourhoods. It uses panel data and a variety of empirical methods to control for potential endogeneity of diversity and of location choices. We find that a higher white share raises overall satisfaction with the neighbourhood in our (overwhelming white) sample, but has no significant impact on generalised trust or other commonly used measures of social capital. We suggest that part of the impact of diversity on overall neighbourhood satisfaction may be through an effect on fear of crime, though we find no effect on actual crime. - Reproduced
650 ## - SUBJECT ADDED ENTRY--TOPICAL TERM
Topical term or geographic name as entry element Crime
9 (RLIN) 17498
650 ## - SUBJECT ADDED ENTRY--TOPICAL TERM
Topical term or geographic name as entry element Diversity
9 (RLIN) 17499
700 ## - ADDED ENTRY--PERSONAL NAME
Personal name Manning, Alan
9 (RLIN) 17500
773 ## - HOST ITEM ENTRY
Main entry heading The Economic Journal
906 ## - LOCAL DATA ELEMENT F, LDF (RLIN)
Subject DIP ETHNIC DIVERSITY
942 ## - ADDED ENTRY ELEMENTS (KOHA)
Item type Articles
Holdings
Withdrawn status Lost status Source of classification or shelving scheme Damaged status Not for loan Permanent location Current location Date acquired Serial Enumeration / chronology Barcode Date last seen Koha item type
          Indian Institute of Public Administration Indian Institute of Public Administration 2020-09-03 129(624), Nov 2019. p. 3219–3255 AR122909 2020-09-03 Articles

Powered by Koha